000 00316nam a2200133Ia 4500
008 240624s9999 xx 000 0 und d
041 _aeng
082 _a658.8 FER
100 _aFERRELL O C
245 _aSTRATEGIC MARKETING
260 _c2009
_aNew Delhi
_bCengage Learning
300 _a440 : p.
365 _cRS
_b34
999 _c14228
_d14228